Name That Country #4 - Statistics

General Stats
  • This quiz has been taken 402 times
  • The average score is 12 of 13
Answer Stats
Hint Answer % Correct
Big Ben, David Beckham, Red Buses England
100%
Grand Canyon, Mt. Saint Helens, Washington Monument USA
100%
Eiffel tower, Croissants, Fromage France
99%
Cricket, Bollywood, Taj Mahal India
99%
Leaning tower of Pisa, Pompei, Canals Italy
99%
Amazon River, Samba, Christ the Redeemer Brazil
98%
Maple, Skiing, Calgary Canada
97%
Bali Island, Comodo Dragon, Raja Ampat Indonesia
92%
Sir Edmund Hilary, Rugby, Wellington New Zealand
92%
Chichen Itza, Teotihuacan, Los Cabos Mexico
91%
Marrakech, Souks, Atlas Mountains Morocco
84%
Easter Island, Pucon, San Rafael Glacier Chile
82%
Chuluute River, Bayanzag, Kublai Kahn Mongolia
71%
No matching quizzes found
Score Distribution
Percent of People with Each Score
Percentile by Number Answered
Your Score History
You have not taken this quiz